[Event "Mittelrhein Verbandsliga Nord 1920"]
[Site "Mittelrhein"]
[Date "2019.11.17"]
[Round "3.7"]
[White "Sicaja, Jozo"]
[Black "Kamphausen, Johannes Dieter"]
[Result "1/2-1/2"]
[WhiteElo "1711"]
[BlackElo "1708"]
[PlyCount "72"]
[EventDate "2019.09.29"]
[EventType "team-tourn"]
[EventRounds "9"]
[EventCountry "GER"]
[SourceTitle "EXT 2023"]
[Source "ChessBase"]
[SourceDate "2022.10.05"]
[SourceVersion "1"]
[SourceVersionDate "2022.10.05"]
[SourceQuality "1"]
[WhiteTeam "Monheim/Baumberg"]
[BlackTeam "Hitdorf SV Springer"]
[WhiteTeamCountry "GER"]
[BlackTeamCountry "GER"]

1. e4 c5 2. Nf3 d6 3. d4 cxd4 4. Nxd4 Nf6 5. Nc3 g6 6. Be2 Bg7 7. Be3 0-0 8. 0-0 Nc6 9. Nxc6 bxc6 10. f4 Qa5 11. Rb1 Rb8 12. a3 Nd7 13. Bd2 Qc7 14. b4 a6 15. Kh1 Nf6 16. Bf3 Be6 17. Qe2 Rfc8 18. g4 c5 19. f5 Bd7 20. g5 cxb4 21. axb4 Nxe4 22. Nd5 Nxd2 23. Nxc7 Nxf3 24. Rxf3 Rxc7 25. f6 exf6 26. gxf6 Re8 27. Qd2 Bc6 28. Kg1 Bxf3 29. fxg7 Re2 30. Qxd6 Rce7 31. Kf1 Kxg7 32. c4 R7e6 33. Qd4+ Kg8 34. b5 Rxh2 35. Rb2 Rxb2 36. Qxb2 axb5 1/2-1/2

[Event "Mittelrhein Verbandsliga-N 18/19"]
[Site "Nordrheinwestfalen"]
[Date "2019.05.05"]
[Round "10.6"]
[White "Sicaja, Jozo"]
[Black "Olschewski, Martin"]
[Result "1/2-1/2"]
[WhiteElo "1695"]
[BlackElo "1632"]
[PlyCount "22"]
[EventDate "2018.09.02"]
[EventType "team-tourn"]
[EventRounds "12"]
[EventCountry "GER"]
[SourceTitle "EXT 2022"]
[Source "ChessBase"]
[SourceDate "2021.10.06"]
[SourceVersion "1"]
[SourceVersionDate "2021.10.06"]
[SourceQuality "1"]
[WhiteTeam "Baumberg"]
[BlackTeam "Eikamp ISVFB"]
[WhiteTeamCountry "GER"]
[BlackTeamCountry "GER"]

1. e4 e5 2. Nf3 Nf6 3. Nxe5 d6 4. Nf3 Nxe4 5. d4 d5 6. Bd3 Nc6 7. c3 Be7 8. Be3 0-0 9. Qc2 f5 10. Bf4 Bd6 11. Bxd6 Qxd6 1/2-1/2

[Event "Mittelrhein Verbandsliga-N 18/19"]
[Site "Nordrheinwestfalen"]
[Date "2019.03.10"]
[Round "8.7"]
[White "Weiland, Herbert"]
[Black "Sicaja, Jozo"]
[Result "0-1"]
[WhiteElo "1715"]
[BlackElo "1695"]
[PlyCount "138"]
[EventDate "2018.09.02"]
[EventType "team-tourn"]
[EventRounds "12"]
[EventCountry "GER"]
[SourceTitle "EXT 2022"]
[Source "ChessBase"]
[SourceDate "2021.10.06"]
[SourceVersion "1"]
[SourceVersionDate "2021.10.06"]
[SourceQuality "1"]
[WhiteTeam "Rheinpark BSG"]
[BlackTeam "Baumberg"]
[WhiteTeamCountry "GER"]
[BlackTeamCountry "GER"]

1. d4 Nf6 2. c4 e6 3. Nc3 Bb4 4. Bd2 c5 5. e3 0-0 6. a3 Bxc3 7. Bxc3 b6 8. dxc5 bxc5 9. Qf3 Nc6 10. 0-0-0 Qe7 11. Bxf6 Qxf6 12. Qxf6 gxf6 13. Nf3 Rd8 14. Be2 d5 15. cxd5 exd5 16. Rd2 Na5 17. Kc2 Be6 18. b4 cxb4 19. axb4 Rdc8+ 20. Kb2 Nc4+ 21. Bxc4 Rxc4 22. Rd4 Rac8 23. Rxc4 Rxc4 24. Ka3 Rc2 25. Rf1 d4 26. b5 d3 27. Nd4 Ra2+ 28. Kb4 Bd5 29. Kc3 Ra3+ 30. Kb2 Ra2+ 31. Kc3 Kf8 32. Nf3 Be4 33. Kd4 f5 34. Ng5 Bxg2 35. Nxh7+ Ke7 36. Rd1 f6 37. Rxd3 Ra4+ 38. Kc5 Bf1 39. Rd4 Ra5 40. Kc6 Bxb5+ 41. Kb7 Be8 42. Rc4 Ra2 43. Rc7+ Ke6 44. Nf8+ Kd6 45. Rc8 Ke7 46. Nh7 Rxf2 47. Kxa7 Rxh2 48. Nxf6 Kxf6 49. Rxe8 Rb2 50. Rf8+ Ke5 51. Re8+ Kd5 52. Ka6 Rb4 53. Ka5 Re4 54. Rd8+ Kc4 55. Rf8 Re5+ 56. Ka4 Kd3 57. Kb3 Kxe3 58. Kc2 Rd5 59. Re8+ Kf3 60. Rh8 f4 61. Rf8 Ke3 62. Re8+ Kf2 63. Rf8 f3 64. Rf7 Ke2 65. Re7+ Kf1 66. Rf7 f2 67. Rf8 Rg5 68. Kd2 Kg2 69. Ke2 Re5+ 0-1

[Event "Mittelrhein Verbandsliga-N 18/19"]
[Site "Nordrheinwestfalen"]
[Date "2019.02.10"]
[Round "7.6"]
[White "Gelsok, Philipp"]
[Black "Sicaja, Jozo"]
[Result "0-1"]
[WhiteElo "1946"]
[BlackElo "1695"]
[PlyCount "70"]
[EventDate "2018.09.02"]
[EventType "team-tourn"]
[EventRounds "12"]
[EventCountry "GER"]
[SourceTitle "EXT 2022"]
[Source "ChessBase"]
[SourceDate "2021.10.06"]
[SourceVersion "1"]
[SourceVersionDate "2021.10.06"]
[SourceQuality "1"]
[WhiteTeam "Bergische SF"]
[BlackTeam "Baumberg"]
[WhiteTeamCountry "GER"]
[BlackTeamCountry "GER"]

1. d4 Nf6 2. c4 e6 3. Nc3 Bb4 4. f3 0-0 5. Bg5 Be7 6. Qd2 d5 7. e4 dxe4 8. fxe4 Nc6 9. Nf3 Nd7 10. h4 f6 11. Be3 b6 12. 0-0-0 a5 13. Be2 Bb7 14. g4 Bb4 15. g5 Bxc3 16. Qxc3 Nb4 17. Qa3 Bxe4 18. gxf6 Nxf6 19. Rh3 Bf5 20. Rg3 Ne4 21. Bg5 Qd6 22. Rg2 Nxg5 23. Rxg5 Qf4+ 24. Nd2 h6 25. Rg2 Rad8 26. d5 exd5 27. cxd5 Rxd5 28. Bc4 Nd3+ 29. Kb1 Ne5+ 30. Ka1 Nxc4 31. Qc3 Rf7 32. Rdg1 Ne5 33. Nb3 Rfd7 34. Rb1 Bxb1 35. Kxb1 Qf1+ 0-1

[Event "Mittelrhein Verbandsliga-N 18/19"]
[Site "Nordrheinwestfalen"]
[Date "2018.12.16"]
[Round "5.7"]
[White "Sicaja, Jozo"]
[Black "Henseler, Klaus"]
[Result "0-1"]
[WhiteElo "1696"]
[BlackElo "1784"]
[PlyCount "120"]
[EventDate "2018.09.02"]
[EventType "team-tourn"]
[EventRounds "12"]
[EventCountry "GER"]
[SourceTitle "EXT 2022"]
[Source "ChessBase"]
[SourceDate "2021.10.06"]
[SourceVersion "1"]
[SourceVersionDate "2021.10.06"]
[SourceQuality "1"]
[WhiteTeam "Baumberg"]
[BlackTeam "Leverkusen SC Bayer"]
[WhiteTeamCountry "GER"]
[BlackTeamCountry "GER"]

1. e4 c5 2. Nf3 d6 3. d4 cxd4 4. Nxd4 Nf6 5. Nc3 a6 6. Bd3 Nbd7 7. 0-0 Nc5 8. Qe2 Nxd3 9. cxd3 e6 10. Kh1 Be7 11. Be3 Bd7 12. f4 0-0 13. e5 Ne8 14. Ne4 d5 15. Ng3 g6 16. Rac1 Ng7 17. Nb3 b6 18. Nd4 Rc8 19. Rxc8 Qxc8 20. Rc1 Qb7 21. Rc3 Rc8 22. Qc2 Rxc3 23. Qxc3 Ne8 24. Nge2 Nc7 25. Kg1 h5 26. Kf2 a5 27. a3 Na6 28. Nb3 Nc7 29. Qd4 Na8 30. Nc3 Qc6 31. Ne2 a4 32. Nbc1 Qb7 33. Qc3 Nc7 34. d4 Bb5 35. Qc2 Bxe2 36. Nxe2 b5 37. Bd2 Na6 38. g3 Kf8 39. Qd3 Qc6 40. Qc3 Qb7 41. Qa5 Ke8 42. Qc3 Kd7 43. Qd3 Qb6 44. Bc3 Nb8 45. Ke3 Nc6 46. h3 b4 47. axb4 Bxb4 48. Bxb4 Qxb4 49. Qc3 Qb5 50. Qc5 Qxc5 51. dxc5 Na5 52. Kd3 Nc4 53. Kc3 Kc6 54. Kb4 Nxb2 55. Nd4+ Kc7 56. c6 Kb6 57. Ka3 Nd3 58. Kxa4 Nc5+ 59. Kb4 Na6+ 60. Kc3 Nb8 0-1

[Event "Mittelrhein Verbandsliga-N 18/19"]
[Site "Nordrheinwestfalen"]
[Date "2018.11.18"]
[Round "4.7"]
[White "Hanke, Friedhelm"]
[Black "Sicaja, Jozo"]
[Result "1-0"]
[WhiteElo "1693"]
[BlackElo "1695"]
[PlyCount "75"]
[EventDate "2018.09.02"]
[EventType "team-tourn"]
[EventRounds "12"]
[EventCountry "GER"]
[SourceTitle "EXT 2022"]
[Source "ChessBase"]
[SourceDate "2021.10.06"]
[SourceVersion "1"]
[SourceVersionDate "2021.10.06"]
[SourceQuality "1"]
[WhiteTeam "Hitdorf SV Springer"]
[BlackTeam "Baumberg"]
[WhiteTeamCountry "GER"]
[BlackTeamCountry "GER"]

1. e4 c5 2. Nf3 d6 3. d4 cxd4 4. Nxd4 Nf6 5. Nc3 a6 6. Bg5 e6 7. f4 Be7 8. Qd2 0-0 9. 0-0-0 Qc7 10. Bd3 b5 11. e5 dxe5 12. fxe5 Qxe5 13. Bf4 Qc5 14. Nb3 Qb6 15. h3 Bb7 16. Rhe1 Nc6 17. a3 Rfd8 18. Be3 Qc7 19. Qf2 Qc8 20. g4 Ne5 21. g5 Nxd3+ 22. cxd3 Nd5 23. Bd4 b4 24. Rf1 Bxg5+ 25. Kb1 Nxc3+ 26. bxc3 f5 27. axb4 Bd5 28. Nc5 a5 29. b5 Be7 30. Qg3 g6 31. Qe5 Bf8 32. Qh8+ Kf7 33. Qxh7+ Ke8 34. Qxg6+ Ke7 35. Rxf5 Kd6 36. Qg3+ Ke7 37. Bf6+ Ke8 38. Qg6# 1-0